00413nam a2200157Ia 4500003000400000008004100004040001600045082001400061100001700075245005800092260005400150300000700204650001200211650001000223650002200233GCL140319s9999 xx 000 0 eng d aGCL / cGCL04a745.5\W P1 aWONG, WUCIUS10aPrinciples of Tuo Dimensional Design / cWONG, WUCIUS a[S.N] : bVAN NOSTRAND REINHOLD COMPANY ، c1972 a7704aDRAWING04aDEIGN04aTECHNICAL DRAWING